The strange career of Porgy and Bess (Record no. 49923)
[ view plain ]
| 000 -LEADER | |
|---|---|
| fixed length control field | 02009nam a2200385 a 4500 |
| 082 04 - DEWEY DECIMAL CLASSIFICATION NUMBER | |
| Classification number | 782.1 |
| 100 1# - MAIN ENTRY--AUTHOR NAME | |
| Personal name | Noonan, Ellen, |
| 245 14 - TITLE STATEMENT | |
| Title | The strange career of Porgy and Bess |
| 260 ## - PUBLICATION, DISTRIBUTION, ETC. (IMPRINT) | |
| Place of publication | Chapel Hill : |
| Name of publisher | University of North Carolina Press, |
| Year of publication | 2012. |
| 300 ## - PHYSICAL DESCRIPTION | |
| Number of Pages | xiii, 423 p. |
| 505 0# - FORMATTED CONTENTS NOTE | |
| Formatted contents note | A romance of Negro life : Porgy, 1925 -- Interlude : Charleston, 1680-1900 -- A chocolate-covered lithograph strip : Porgy, 1927 -- Interlude : Charleston, 1920 -1940 -- Gershwin's idea of what a Negro opera should be : Porgy and Bess, 1935 -- Neither the measure of America nor that of the Negro : Porgy and Bess, 1952-1956 -- Interlude : Charleston, 1940-1960 -- Forget any version you may have seen before : Porgy and Bess, 1959-2012 -- Epilogue : Charleston, 1970-2005. |
| 650 #0 - SUBJECT ADDED ENTRY--TOPICAL TERM | |
| Topical Term | Music and race. |
| Topical Term | Race in opera. |
| Topical Term | African Americans in popular culture |
| 856 40 - ELECTRONIC LOCATION AND ACCESS | |
| Uniform Resource Identifier | http://site.ebrary.com/lib/rucke/Doc?id=10628390 |
No items available.
